Seminários de Biologia Marinha
Guardat en:
| Autor corporatiu: | |
|---|---|
| Format: | Llibre |
| Idioma: | portuguès espanyol anglès |
| Publicat: |
Sao Paulo
Academia Brasileira de Ciencias
1976
|
| Col·lecció: | Anais de Academia Brasileira de Ciencias, 47. Suplemento
|
| Matèries: | |
| Etiquetes: |
Afegir etiqueta
Sense etiquetes, Sigues el primer a etiquetar aquest registre!
|
MARC
| LEADER | 00000nam a2200000 a 4500 | ||
|---|---|---|---|
| 001 | UCT2102 | ||
| 003 | CL-VaPUC | ||
| 005 | 20230112074259.0 | ||
| 008 | 961004e19760000bl 1 por d | ||
| 041 | 0 | 7 | |a por |2 CL-VaPUC |
| 041 | 0 | 7 | |a spa |2 CL-VaPUC |
| 041 | 0 | 7 | |a eng |2 CL-VaPUC |
| 082 | 0 | 4 | |a 578.77 |b ACA |2 21 |
| 110 | 2 | |a Academia Brasileira de Ciencias |e author |9 618007 | |
| 245 | 1 | 0 | |a Seminários de Biologia Marinha |
| 260 | |a Sao Paulo |b Academia Brasileira de Ciencias |c 1976 | ||
| 300 | |a 151 p | ||
| 490 | 0 | |a Anais de Academia Brasileira de Ciencias, 47. Suplemento | |
| 583 | |a last modification |c 20190821 10:24:19 |k Rodrigo Vera | ||
| 650 | 0 | 0 | |a Biología |9 262022 |
| 650 | 0 | 0 | |a Biología marina |9 259965 |
| 650 | 0 | 0 | |a Oceanografía |9 260014 |
| 650 | 0 | 0 | |a Recursos marinos |9 261196 |
| 650 | 0 | 7 | |a PECES |2 CL-VaPUC |9 618008 |
| 942 | |c BK | ||
| 945 | |a paguirre |d 19961004 00:00:00 | ||
| 546 | |a En Portugués | ||
| 546 | |a En Español | ||
| 546 | |a En Inglés | ||
| 536 | |a Academia Brasileira de Ciencias | ||
| 518 | |p Seminários de Biologia Marinha, 1, Sao Paulo, 9 al 15 de Diciembre de 1975 | ||
| 999 | |c 382746 |d 382744 | ||